| 000 | 00517nam a2200169 i 4500 | ||
|---|---|---|---|
| 001 | 80083 | ||
| 003 | ES-MaACL | ||
| 005 | 20230906174126.0 | ||
| 007 | t| | ||
| 008 | 041026s1962 sp ||||1| spa d | ||
| 100 | 1 |
_aHeyel, Carl. _963527 |
|
| 245 | 1 | 0 |
_aCómo debe organizar el director su propio trabajo / _cpor Carl Heyel ; traducido por Emilio Bascones. |
| 260 |
_aBilbao : _bDeusto, _c[1962] |
||
| 300 |
_a183 p. : _bil. ; _c25 cm. |
||
| 700 | 1 |
_aBascones, Emilio. _926266 |
|
| 852 |
_aES-MaACL _jC-23352 _bR.52019 |
||
| 999 |
_c80083 _d80083 |
||